000 00705nam a2200253Ia 4500
003 OSt
005 20220924125749.0
006 a|||||r|||| 00| 0
007 ta
008 220923b |||||||| |||| 00| 0 per d
024 _a330687
037 _cTextual
040 _aARTS
_cARTS
_bper
041 _2per
_aper
082 _aVy7, 164G9
100 _aBon Goostalu Au.
_9198853
245 0 _aAfkar-o-andishe ha
260 _aTehran
_bFerdowsi Iran
_c1939
300 _a229p.
_ccm.
650 _aPERSIAN LANGUAGE - HISTORY
700 _a Shifa Shujauddin Tr.
_9198854
942 _hVy7, 164G9
_cTEXL
_2CC
999 _c423303
_d423303